Countries and their biggest neighbors - Statistics

General Stats
  • This quiz has been taken 92 times
  • The average score is 136 of 154
Answer Stats
Hint Answer % Correct
Denmark | United States Canada
100%
Canada | Mexico United States
100%
Argentina | Bolivia | Colombia | +6 others Brazil
94%
Afghanistan | Bhutan | India | +8 others China
94%
Andorra | Belgium | Germany | +5 others France
94%
Austria | Czechia | Netherlands Germany
94%
Belize | Guatemala Mexico
94%
Azerbaijan | Belarus | China | +11 others Russia
94%
Portugal | United Kingdom Spain
94%
Brazil | Chile Argentina
91%
Israel Egypt
91%
Bangladesh India
91%
San Marino | Slovenia | Vatican City Italy
91%
Iraq | Jordan | Kuwait | +4 others Saudi Arabia
91%
Bosnia & Herzegovina | Kosovo | Montenegro Serbia
91%
Ireland United Kingdom
91%
Libya | Mali | Mauritania | +3 others Algeria
89%
Haiti Dominican Republic
89%
Benin | Burkina Faso Niger
89%
South Korea North Korea
89%
Sweden Norway
89%
Chad | Egypt | Eritrea | Ethiopia Sudan
89%
Bulgaria | Greece | Syria Turkey
89%
Moldova | Romania | Slovakia Ukraine
89%
DR Congo | Namibia Angola
86%
Liechtenstein Austria
86%
Panama Colombia
86%
Angola | Burundi | Central African Republic | +6 others DR Congo
86%
El Salvador | Nicaragua Honduras
86%
Croatia Hungary
86%
Malaysia | Papua New Guinea | Timor-Leste Indonesia
86%
Armenia | Turkey | Turkmenistan Iran
86%
Uzbekistan Kazakhstan
86%
Brunei Malaysia
86%
Ecuador Peru
86%
Botswana | Eswatini | Lesotho | +2 others South Africa
86%
Albania | North Macedonia Greece
83%
Dominican Republic Haiti
83%
Guinea | Ivory Coast | Senegal Mali
83%
Costa Rica | Honduras Nicaragua
83%
Iran Pakistan
83%
Lebanon Syria
83%
Cameroon | Nigeria Chad
80%
Djibouti | Kenya | Somalia Ethiopia
80%
Algeria | Sudan Libya
80%
Thailand Myanmar
80%
South Africa Namibia
80%
Serbia Romania
80%
Malawi Tanzania
80%
Cambodia Thailand
80%
Equatorial Guinea | Gabon Cameroon
77%
Guinea-Bissau | Sierra Leone Guinea
74%
Gambia Senegal
74%
Saudi Arabia Yemen
74%
Ghana | Liberia Ivory Coast
71%
Indonesia Papua New Guinea
71%
Togo Burkina Faso
66%
No matching quizzes found
Score Distribution
Percent of People with Each Score
Percentile by Number Answered
Your Score History
You have not taken this quiz